European Continental Competitions Final 4s: 2010-2020 - Statistics

General Stats
  • This quiz has been taken 17 times
  • The average score is 88 of 96
Answer Stats
Season Competition Nation Club % Correct
2016/17 Europa League Netherlands Ajax
100%
2018/19 Champions League Netherlands Ajax
100%
2009/10 Europa League Spain Atletico Madrid
100%
2011/12 Europa League Spain Atletico Madrid
100%
2013/14 Champions League Spain Atletico Madrid
100%
2015/16 Champions League Spain Atletico Madrid
100%
2016/17 Champions League Spain Atletico Madrid
100%
2017/18 Europa League Spain Atletico Madrid
100%
2009/10 Champions League Spain Barcelona
100%
2010/11 Champions League Spain Barcelona
100%
2011/12 Champions League Spain Barcelona
100%
2012/13 Champions League Spain Barcelona
100%
2014/15 Champions League Spain Barcelona
100%
2018/19 Champions League Spain Barcelona
100%
2009/10 Champions League Germany Bayern Munich
100%
2011/12 Champions League Germany Bayern Munich
100%
2012/13 Champions League Germany Bayern Munich
100%
2013/14 Champions League Germany Bayern Munich
100%
2014/15 Champions League Germany Bayern Munich
100%
2015/16 Champions League Germany Bayern Munich
100%
2017/18 Champions League Germany Bayern Munich
100%
2019/20 Champions League Germany Bayern Munich
100%
2010/11 Europa League Portugal Benfica
100%
2012/13 Europa League Portugal Benfica
100%
2013/14 Europa League Portugal Benfica
100%
2012/13 Champions League Germany Borussia Dortmund
100%
2011/12 Champions League England Chelsea
100%
2012/13 Europa League England Chelsea
100%
2013/14 Champions League England Chelsea
100%
2018/19 Europa League England Chelsea
100%
2020/21 Champions League England Chelsea
100%
2009/10 Champions League Italy Inter Milan
100%
2019/20 Europa League Italy Inter Milan
100%
2013/14 Europa League Italy Juventus
100%
2014/15 Champions League Italy Juventus
100%
2016/17 Champions League Italy Juventus
100%
2009/10 Europa League England Liverpool
100%
2015/16 Europa League England Liverpool
100%
2017/18 Champions League England Liverpool
100%
2018/19 Champions League England Liverpool
100%
2009/10 Champions League France Lyon
100%
2016/17 Europa League France Lyon
100%
2019/20 Champions League France Lyon
100%
2015/16 Champions League England Manchester City
100%
2020/21 Champions League England Manchester City
100%
2010/11 Champions League England Manchester United
100%
2016/17 Europa League England Manchester United
100%
2019/20 Europa League England Manchester United
100%
2020/21 Europa League England Manchester United
100%
2019/20 Champions League France PSG
100%
2020/21 Champions League France PSG
100%
2010/11 Champions League Spain Real Madrid
100%
2011/12 Champions League Spain Real Madrid
100%
2012/13 Champions League Spain Real Madrid
100%
2013/14 Champions League Spain Real Madrid
100%
2014/15 Champions League Spain Real Madrid
100%
2015/16 Champions League Spain Real Madrid
100%
2016/17 Champions League Spain Real Madrid
100%
2017/18 Champions League Spain Real Madrid
100%
2020/21 Champions League Spain Real Madrid
100%
2013/14 Europa League Spain Sevilla
100%
2014/15 Europa League Spain Sevilla
100%
2015/16 Europa League Spain Sevilla
100%
2019/20 Europa League Spain Sevilla
100%
2018/19 Champions League England Tottenham
100%
2017/18 Europa League England Arsenal
93%
2018/19 Europa League England Arsenal
93%
2020/21 Europa League England Arsenal
93%
2017/18 Europa League France Marseille
93%
2019/20 Champions League Germany RB Leipzig
93%
2011/12 Europa League Portugal Sporting
93%
2011/12 Europa League Spain Athletic Bilbao
86%
2012/13 Europa League Switzerland Basel
86%
2018/19 Europa League Germany Eintracht Frankfurt
86%
2010/11 Europa League Portugal Porto
86%
2017/18 Champions League Italy Roma
86%
2020/21 Europa League Italy Roma
86%
2010/11 Europa League Portugal Braga
79%
2014/15 Europa League Italy Fiorentina
79%
2014/15 Europa League Italy Napoli
79%
2010/11 Champions League Germany Schalke
79%
2010/11 Europa League Spain Villarreal
79%
2015/16 Europa League Spain Villarreal
79%
2020/21 Europa League Spain Villarreal
79%
2011/12 Europa League Spain Valencia
71%
2013/14 Europa League Spain Valencia
71%
2018/19 Europa League Spain Valencia
71%
2014/15 Europa League Ukraine Dnipro
64%
2016/17 Champions League France Monaco
64%
2017/18 Europa League Austria RB Salzburg
64%
2015/16 Europa League Ukraine Shakhtar Donetsk
64%
2019/20 Europa League Ukraine Shakhtar Donetsk
64%
2009/10 Europa League England Fulham
57%
2012/13 Europa League Turkey Fenerbahce
50%
2016/17 Europa League Spain Celta Vigo
36%
2009/10 Europa League Germany Hamburg
29%
No matching quizzes found
Score Distribution
Percent of People with Each Score
Percentile by Number Answered
Your Score History
You have not taken this quiz